Социально опасные явления и зашита от них; Экология и безопасность в техносфере: современные проблемы и пути решения

Podrobná bibliografie
Parent link:Экология и безопасность в техносфере: современные проблемы и пути решения.— 2014.— [С. 257-259]
Hlavní autor: Кохидзе И. Р.
Korporativní autor: Национальный исследовательский Томский политехнический университет (ТПУ) Юргинский технологический институт (филиал) (ЮТИ) Кафедра безопасности жизнедеятельности, экологии и физического воспитания (БЖДЭФВ)
Další autoři: Ворошилов В. В. (научный руководитель), Гришагин В. М. Виктор Михайлович
Shrnutí:Заглавие с титульного экрана
Jazyk:ruština
Vydáno: 2014
Edice:Социально-гуманитарные аспекты экологии
Témata:
On-line přístup:http://earchive.tpu.ru/handle/11683/18555
http://www.lib.tpu.ru/fulltext/c/2014/C52/087.pdf
Médium: MixedMaterials Elektronický zdroj Kapitola
KOHA link:https://koha.lib.tpu.ru/cgi-bin/koha/opac-detail.pl?biblionumber=610203

MARC

LEADER 00000naa2a2200000 4500
001 610203
005 20260402084916.0
035 |a (RuTPU)RU\TPU\conf\7799 
035 |a RU\TPU\conf\7798 
090 |a 610203 
100 |a 20150113d2014 k y0rusy50 ca 
101 0 |a rus 
102 |a RU 
135 |a drcn ---uucaa 
181 0 |a i  
182 0 |a b 
200 1 |a Социально опасные явления и зашита от них  |f И. Р. Кохидзе, В. В. Ворошилов  |g науч. рук. В. М. Гришагин 
203 |a Текст  |c электронный 
225 1 |a Социально-гуманитарные аспекты экологии 
300 |a Заглавие с титульного экрана 
320 |a [Библиогр.: с. 259 (5 назв.)] 
337 |a Adobe Reader 
463 0 |0 (RuTPU)RU\TPU\conf\7739  |t Экология и безопасность в техносфере: современные проблемы и пути решения  |o сборник трудов Всероссийской научно-практической конференции молодых ученых, аспирантов и студентов, г. Юрга, 27-28 ноября 2014 г.  |f Национальный исследовательский Томский политехнический университет (ТПУ), Юргинский технологический институт (ЮТИ) ; под ред. В. М. Гришагин [и др.]  |v [С. 257-259]  |d 2014 
610 1 |a труды учёных ТПУ 
610 1 |a электронный ресурс 
610 1 |a безопасность 
610 1 |a жизнедеятельность 
610 1 |a социум 
610 1 |a социальные опасности 
610 1 |a социальная сфера 
700 1 |a Кохидзе  |b И. Р. 
701 1 |a Ворошилов  |b В. В. 
702 1 |a Гришагин  |b В. М.  |c специалист в области экологии и безопасности жизнедеятельности  |c доцент Юргинского технологического института (филиала) Томского политехнического университета, кандидат технических наук  |f 1956-  |g Виктор Михайлович  |4 727  |9 10742 
712 0 2 |a Национальный исследовательский Томский политехнический университет (ТПУ)  |b Юргинский технологический институт (филиал) (ЮТИ)  |b Кафедра безопасности жизнедеятельности, экологии и физического воспитания (БЖДЭФВ)  |3 (RuTPU)RU\TPU\col\18930 
801 2 |a RU  |b 63413507  |c 20220407  |g RCR 
856 4 |u http://earchive.tpu.ru/handle/11683/18555 
856 4 |u http://www.lib.tpu.ru/fulltext/c/2014/C52/087.pdf 
942 |c BK